00786nas a2200229Ia 4500001001100000003000900011008004100020040001300061040001300074041001300087100004400100210002100144222002100165245007800186250001100264260003300275501008600308300001900394362003400413500007000447650003900517R701/49167IT-RoPAU151124c99999999xx |||||||||||| ||und|| aIT-RoPAU cIT-RoPAU aITALIANO aNigro RadianagCodice Aut. SPICS: 15294 aCARTE SEMIOTICHE aCarte Semiotiche aCARTE SEMIOTICHE, N.00 (OTTOBRE 1984)bForme Del Diario A Bressanone (Le) a1a ed. aFIRENZEbLA CASA USHERc1984 bPaulus - SPICS - Società San Paolo EM (non-commercial uses only)cCopyright2015 a4 p. [138-141] aANNO 001, N.00 (OTTOBRE 1984) aRiflessioni Sul Convegno le Forme del Diario Tenuto a Bressanone. aSEMIOTICAvPUBBLICAZIONE PERIODICA